|
|
|
|
| LEADER |
01386nam a2200409 a 4500 |
| 001 |
000464407 |
| 003 |
CZ BrMZK |
| 005 |
20260415132547.0 |
| 007 |
ta |
| 008 |
000115s1999 xr f 0 cze d |
| 015 |
|
|
|a cnb000840448
|
| 020 |
|
|
|a 80-7184-792-5
|
| 035 |
|
|
|a (OCoLC)44180695
|
| 040 |
|
|
|a BOA001
|b cze
|
| 045 |
|
|
|a x-x-
|
| 072 |
|
7 |
|a 11
|x Metafyzika
|2 Konspekt
|9 5
|
| 080 |
|
|
|a 111.852
|2 MRF
|
| 080 |
|
|
|a 165.62
|2 MRF
|
| 080 |
|
|
|a 82.0
|2 MRF
|
| 080 |
|
|
|a (048.8)
|2 MRF
|
| 100 |
1 |
|
|a Mathauser, Zdeněk,
|d 1920-2007
|7 jk01080711
|4 aut
|
| 245 |
1 |
0 |
|a Estetika racionálního zření /
|c Zdeněk Mathauser
|
| 250 |
|
|
|a Vyd. 1.
|
| 260 |
|
|
|a Praha :
|b Karolinum,
|c 1999
|
| 300 |
|
|
|a 161 s. ;
|c 24 cm
|
| 500 |
|
|
|a Souhrn též angl.
|
| 504 |
|
|
|a Obsahuje bibliografii
|
| 500 |
|
|
|a Dostupné též v digitální podobě v aplikaci Kramerius
|
| 648 |
|
7 |
|a 20. století
|7 ch460558
|2 czenas
|
| 650 |
0 |
7 |
|a estetika
|7 ph117189
|2 czenas
|
| 650 |
0 |
7 |
|a fenomenologie
|7 ph114531
|2 czenas
|
| 650 |
0 |
7 |
|a literární věda
|7 ph137144
|y 20. století
|2 czenas
|
| 655 |
|
7 |
|a studie
|7 fd133597
|2 czenas
|
| 856 |
4 |
1 |
|u https://www.digitalniknihovna.cz/mzk/uuid/uuid:385fd2b7-3ee6-11f1-9797-622249b599b4
|y Digitalizovaný dokument
|x NDK
|
| 910 |
|
|
|a BOA001
|b 2-1069.247
|
| 990 |
|
|
|a BK
|
| 996 |
6 |
|
|b 2610108534
|c 2-1069.247
|l MZK
|r Sklad / do 1 hodiny
|n 12
|p p.v.
|w 000464407
|u 000010
|a 1
|e BOA001
|j MZK50
|s P
|